000 00607nam a2200229Ia 4500
003 OSt
005 20221007065412.0
006 a|||||r|||| 00| 0
007 ta
008 221006b |||||||| |||| 00| 0 eng d
024 _a12,370
037 _cTextual
040 _aFLL
_cFLL
_beng
041 _2eng
_aeng
082 _aZ2VP3, P6
100 _aNariman F.S.
_9686948
245 0 _aIndia's legal system
_b Can it be saved?
260 _aEngland
_bPenguin Books England
_c2006
300 _a173p
_ccm.
942 _hZ2VP3, P6
_cTEXL
_2CC
999 _c1137194
_d1137194